00544nam a22001697a 450000500170000001000150001702000260003203500140005803700130007208200120008510000190009724500960011626000350021227000570024730000310030450000390033520180814161258.0 aENG-123731 a9788174792037c595.00 aEN-107263 bDBAD/PUB00a250.934 aFernando, R.P.10aBuddhist heritage in india and sri lanka :cby R.P. Fernandobrediscovery and restoration / aNew Delhi bKaveri Booksc2017 a4832/24, Ansari Road, Daryaganj,bNew Delhi e110002 avii,101p.c22cm.(Hb)bill. aIt includes bibliography and index